[Event "Nagoya open"]
[Date "2006.6.25"]
[Round "4"]	
[White "Akai.K"]
[Black "Sasaki.K"]
[Result "1/2-1/2"]
[WhiteElo "1919"]
[BlackElo "2006"]
1.d4 d5 2.c4 c6 3.e3 Nf6 4.Bd3 e6 5.Nf3 Bd6 6.0-0 0-0 7.Nc3 Nbd7 8.e4 dxe4 9.Nxe4 Nxe4 10.Bxe4 Nf6 11.Bc2 c5 12.Be3 Qe7 13.Qd3 h6 14.Rfe1 Rd8 15.Qc3 b616.d5 e5 17.Bf4 e4 18.Ne5 Re8 19.Nc6 Qc7 20.Bxh6 Bxh2+ 21.Kh1 Be5 22.Nxe5 Rxe5 23.Kg1 gxh6 24.f4 Rf5 25.Bxe4 Nxe4 26.Rxe4 Bd7 27.Rae1 Qd6 28.R1e3 Qf6 29.Qd2 Kh7 30.Re7 Rd8 31.g3 Kg8 32.Qe2 Qg6 33.Qf3 Rh5 34.R3e5 Bg4 35.Qc3 Bd7 36.Rxd7 1/2-1/2

[Event "Nagoya open"]
[Date "2006.6.25"]
[Round "4"]	
[White "Iwasaki.Y"]
[Black "Yoshii.M"]
[Result "1-0"]
[WhiteElo "2050"]
[BlackElo "1891"]
1.e4 c5 2.Nf3 g6 3.d4 cxd4 4.Nxd4 Nc6 5.c4 Bg7 6.Be3 Nf6 7.Nc3 Ng4 8.Qxg4 Nxd4 9.Qd1 e5 10.Nb5 0-0 11.Qd2 Qh4 12.Bd3 d5 13.Nxd4 dxe4 14.Be2 exd4 15.Bg5 e3 16.Bxh4 exd2+ 17.Kxd2 d3 18.Bxd3 Bxb2 19.Rab1 Bd4 20.Be4 Re8 21.Kd3 Bb6 22.Rhe1 Rxe4 23.Kxe4 Bf5+ 24.Kd5 Bxb1 25.Rxb1 h6 26.c5 g5 27.cxb6 gxh4 28.bxa7 Rxa7 29.Rb2 Ra6 30.Ke5 Kg7 31.Kf5 Ra5+ 32.Kg4 Ra4+ 33.f4 Kg6 34.Rf2 Kg7 35.Kxh4 Kg6 36.g3 Kg7 37.Kg4 Kg6 38.Kf3 Kf6 39.Rb2 h5 40.Ke3 Ra3+ 41.Ke4 Ra4+ 42.Kd5 h4 43.gxh4 Rxf4 44.Rxb7 Rxh4 45.Rb2 Ra4 46.Rf2+ Kg7 47.Kc5 f5 48.Kb5 Ra3 49.Kb4 Ra8 50.a4 Rb8+ 51.Kc5 Ra8 52.Kb5 Rb8+ 53.Kc6 Ra8 54.Rf4 Kf6 55.Kb7 Ra5 56.Kb6 Ra8 57.a5 Kg5 58.Ra4 Rh8 59.Ra2 Rh6+ 60.Kb5 f4 61.a6 Kg4 62.a7 Rh8 63.a8=Q Rxa8 64.Rxa8 Kh3 65.Rf8 1-0

[Event "Nagoya open"]
[Date "2006.6.25"]
[Round "4"]	
[White "Kurihara.T"]
[Black "Johashi.F"]
[Result "1/2-1/2"]
[WhiteElo "1717"]
[BlackElo "1954"]
1.e4 e5 2.Nf3 Nc6 3.Nc3 Nf6 4.Bb5 Bb4 5.d3 d6 6.0-0 0-0 7.Bg5 Bxc3 8.bxc3 h6 9.Bh4 Bg4 10.Re1 g5 11.Bg3 Nh5 12.d4 Qf6 13.Bxc6 Bxf3 14.Qxf3 Qxf3 15.gxf3 bxc6 16.dxe5 Nxg3 17.fxg3 dxe5 18.Kf2 Rfd8 19.Ke2 Kf8 20.Red1 Ke7 21.Rxd8 Kxd8 22.Rb1 Kd7 1/2-1/2

[Event "Nagoya open"]
[Date "2006.6.25"]
[Round "4"]	
[White "Hoshino.E"]
[Black "Takahashi.R"]
[Result "1/2-1/2"]
[WhiteElo "1834"]
[BlackElo "1932"]
1.e4 e5 2.Nf3 Nc6 3.Bb5 a6 4.Bxc6 dxc6 5.0-0 f6 6.d4 Bg4 7.dxe5 Qxd1 8.Rxd1 fxe5 9.Bg5 Nf6 10.Nbd2 Bd6 11.h3 Be6 12.Be3 0-0-0 13.Ng5 Bg8 14.Ngf3 h6 15.Nh4 Bh7 16.f3 Rhf8 17.g4 g5 18.Nf5 Bxf5 19.gxf5 h5 20.Kf2 g4 21.hxg4 hxg4 22.Rh1 Rg8 23.Nc4 gxf3 24.Kxf3 Ng4 25.Nxd6 cxd6 26.Bb6 Rdf8 27.Rag1 Nf6 28.Rh6 Nd7 29.Rxg8 Rxg8 30.Be3 d5 31.Rg6 Rf8 32.Bg5 Kb8 33.Be7 Rf7 34.f6 Ka7 35.Rg7 dxe4+ 36.Ke3 Rxf6 37.Bxf6 Nxf6 38.Rg6 Nd5+ 39.Kxe4 Kb6 40.c3 a5 41.Kxe5 a4 42.Kd4 Ka5 43.Rg5 Kb6 44.a3 Nc7 45.Rh5 Na6 46.Kc4 Kc7 47.Rh7+ Kb6 48.Kd4 Nc5 49.c4 Na6 50.Rh5 Nc7 51.Kc3 c5 52.b3 axb3 53.Kxb3 Kc6 54.Rh6+ Kd7 55.Ka4 Ne6 56.Rxe6 Kxe6 57.Kb5 Kd7 58.Kb6 Kc8 59.a4 Kb8 60.a5 Kc8 61.Kxc5 Kc7 62.Kb5 Kc8 63.Kb6 Kb8 64.a6 bxa6 65.Kxa6 Kc7 66.Kb5 Kb7 67.Kc5 Kc7 1/2-1/2

[Event "Nagoya open"]
[Date "2006.6.25"]
[Round "4"]	
[White "Robertson.P"]
[Black "Irie.Y"]
[Result "0-1"]
[WhiteElo "1592"]
[BlackElo "1558"]
1.e4 e6 2.d4 d5 3.Nd2 Nf6 4.e5 Nfd7 5.Bd3 c5 6.c3 Nc6 7.Ne2 Qb6 8.Nf3 f6 9.exf6 Nxf6 10.0-0 Bd6 11.Re1 0-0 12.Bb1 Bd7 13.Qc2 e5 14.dxe5 Nxe5 15.Nxe5 Bxe5 16.Nf4 Qd6 17.g3 Ne4 18.f3 Ng5 19.Rxe5 Qxe5 20.Kf2 Rae8 21.Qd2 Bc6 22.h4 Ne6 23.Qd3 g6 24.Nxe6 Rxe6 25.Bd2 d4 26.Bf4 Qe1+ 27.Kg2 Re2+ 28.Kh3 Bd7+ 29.g4 Qh1+ 0-1

[Event "Nagoya open"]
[Date "2006.6.25"]
[Round "4"]	
[White "Morimoto.K"]
[Black "Lacang.P"]
[Result "0-1"]
[WhiteElo "1335"]
[BlackElo "1703"]
1.e4 e6 2.d4 d5 3.exd5 exd5 4.Nf3 Nf6 5.Bg5 Be7 6.Be2 0-0 7.Bxf6 Bxf6 8.0-0 Nc6 9.c3 Bf5 10.Re1 Re8 11.Nbd2 a5 12.Bb5 Rxe1+ 13.Qxe1 Ne7 14.Ne5 c6 15.Bf1 Ng6 16.Ndf3 Qd6 17.Nxg6 Bxg6 18.Qd2 Re8 19.Re1 Be4 20.Ng5 h6 21.Nxe4 dxe4 22.Qc2 Qd5 23.b3 Bg5 24.Qe2 Re6 25.Qg4 b5 26.g3 Bd2 27.Rd1 Bxc3 28.Qe2 Qf5 29.Qe3 Bb4 30.Rc1 Qf3 31.Bg2 Qxe3 32.fxe3 Bd2 33.Bh3 Bxe3+ 34.Kg2 Bxc1 35.Bxe6 fxe6 36.Kf2 Kf7 0-1

[Event "Nagoya open"]
[Date "2006.6.25"]
[Round "4"]	
[White "Kashiwagi.I"]
[Black "Ohtake.S"]
[Result "0-1"]
[WhiteElo "1273"]
[BlackElo "1670"]
1.c4 c6 2.Nc3 d5 3.d4 Nf6 4.e3 e6 5.Nf3 Nbd7 6.Be2 a6 7.0-0 dxc4 8.Bxc4 b5 9.Be2 Bb7 10.Qc2 c5 11.Rd1 Qc7 12.b3 cxd4 13.Rxd4 Rc8 14.Bd2 e5 15.Rh4 Bxf3 16.Bxf3 g5 17.Rg4 Nxg4 18.Bxg4 b4 19.Bxd7+ Qxd7 20.Qe4 bxc3 21.Qxe5+ Qe7 22.Bxc3 Qxe5 23.Bxe5 Rg8 24.Rd1 Ba3 0-1

[Event "Nagoya open"]
[Date "2006.6.25"]
[Round "4"]	
[White "Yokomizo.Y"]
[Black "Morimoto.D"]
[Result "0-1"]
[WhiteElo "1635"]
[BlackElo "1665"]
1.e4 c5 2.d3 Nc6 3.c3 d5 4.Qe2 e5 5.f4 dxe4 6.dxe4 Nf6 7.Nf3 Bg4 8.g3 Bd6 9.f5 c4 10.Bg2 Rc8 11.Bg5 Qb6 12.Be3 Bxf3 13.Bxf3 Bc5 14.Bxc5 Qxc5 15.Nd2 b5 16.Kf1 Rd8 17.Kg2 Rd3 18.Rhe1 Ke7 19.b4 Qd6 20.Red1 Rd8 21.Nf1 Rxd1 22.Rxd1 Qxd1 23.Qxd1 Rxd1 24.Bxd1 Nxe4 25.Bf3 Nxc3 26.Bxc6 Kd6 27.Be8 Nxa2 28.Bxb5 c3 29.Ne3 Nxb4 30.Ba4 Kc5 31.Kf3 Kd4 32.Ke2 f6 33.h4 c2 34.Nxc2+ Nxc2 35.Bxc2 Kc3 36.Kd1 Kd4 37.Kd2 h6 38.Bd3 a5 39.Bb5 Ke4 40.g4 Kf4 41.Be2 h5 42.g5 fxg5 0-1

[Event "Nagoya open"]
[Date "2006.6.25"]
[Round "4"]	
[White "Kida.A"]
[Black "Ozaki.Y"]
[Result "1-0"]
[WhiteElo "1391"]
[BlackElo "1785"]
1.d4 Nf6 2.c4 e6 3.Nf3 c5 4.d5 d6 5.Nc3 e5 6.e4 Be7 7.Be2 0-0 8.0-0 a6 9.a4 Re8 10.a5 Nbd7 11.Qc2 Nf8 12.Nd1 Ng6 13.Ne3 Bf8 14.Bd2 Nf4 15.Rae1 Nxe2+ 16.Rxe2 Bd7 17.Nh4 Nxd5 18.Nxd5 Qxh4 19.Nc7 Rab8 20.Nxe8 Bxe8 21.Re3 Qd8 22.Qd1 b5 23.b3 g6 24.f4 exf4 25.Ref3 bxc4 26.bxc4 Bg7 27.Bxf4 Bd4+ 28.Be3 Be5 29.Bf4 Bd4+ 30.Kh1 Rb4 31.e5 Bc6 32.Rg3 Rb2 33.exd6 Qa8 34.Qg4 Qb7 35.h4 h5 36.Qg5 Bg7 37.Qd8+ Kh7 38.Rg1 Re2 39.Qg5 Qd7 40.Qxc5 Re4 41.Rf1 Qe8 42.Qa3 Bd7 43.c5 Ra4 44.Qd3 Bb5 45.d7 Qd8 46.Qb3 Qxh4+ 47.Rh3 Qf6 48.Qd1 Bxf1 49.d8=Q 1-0

[Event "Nagoya open"]
[Date "2006.6.25"]
[Round "5"]	
[White "Sasaki.K"]
[Black "Iwasaki.Y"]
[Result "0-1"]
[WhiteElo "2006"]
[BlackElo "2050"]
1.e4 c5 2.Nf3 Nc6 3.c3 Nf6 4.e5 Nd5 5.d4 cxd4 6.cxd4 d6 7.Bc4 e6 8.0-0 Be7 9.Nbd2 Nb6 10.Bb3 d5 11.Re1 g5 12.h3 h5 13.Nf1 Bd7 14.a4 a5 15.Be3 Nb4 16.Ng3 Bc6 17.Ne2 Nc4 18.Qc1 g4 19.hxg4 hxg4 20.Nh2 Nd3 21.Qd1 Nxe1 22.Qxe1 Nxe3 23.fxe3 Bb4 24.Qg3 Qh4 25.Rf1 Qxg3 26.Nxg3 Ke7 27.Nxg4 b5 28.axb5 Bxb5 29.Rf4 Rac8 30.e4 Rc1+ 31.Kf2 a4 32.exd5 axb3 33.d6+ Bxd6 34.exd6 Kxd6 35.Ne4+ Ke7 36.Ne3 Rc2+ 37.Kg3 Rg8+ 38.Kh4 Rxb2 39.d5 f5 40.Ng5 Rb1 41.dxe6 Rh1+ 42.Nh3 b2 0-1

[Event "Nagoya open"]
[Date "2006.6.25"]
[Round "5"]	
[White "Johashi.F"]
[Black "Noguchi.K"]
[Result "0-1"]
[WhiteElo "1954"]
[BlackElo "1914"]
1.d4 Nf6 2.c4 c5 3.d5 e6 4.Nc3 exd5 5.cxd5 d6 6.e4 g6 7.Be2 Bg7 8.h3 0-0 9.Nf3 b5 10.Bxb5 Nxe4 11.Nxe4 Qa5+ 12.Nfd2 Qxb5 13.Nxd6 Qa6 14.N2c4 Nd7 15.0-0 Ne5 16.Nxe5 Qxd6 17.Nc4 Qa6 18.Ne3 Bb7 19.Qc2 Bd4 20.Rd1 f5 21.Qd3 Qd6 22.Rb1 f4 23.Nc2 Qxd5 24.Qb3 c4 25.Qf3 Bxf2+ 26.Kf1 Qxf3 27.gxf3 Bxf3 28.Rd7 Bb6 29.Nd4 Be4 30.Ra1 Rad8 0-1

[Event "Nagoya open"]
[Date "2006.6.25"]
[Round "5"]	
[White "Kojima.S"]
[Black "Akai.K"]
[Result "1-0"]
[WhiteElo "2122"]
[BlackElo "1919"]
1.e4 e5 2.Nf3 Nc6 3.d4 exd4 4.Nxd4 Bc5 5.Be3 Qf6 6.c3 Nge7 7.g3 d5 8.Bg2 Nxd4 9.cxd4 Bb4+ 10.Nc3 Bxc3+ 11.bxc3 dxe4 12.Bxe4 0-0 13.0-0 c6 14.Rb1 b6 15.Re1 Bf5 16.Bd2 Bxe4 17.Rxe4 Nd5 18.Qe2 Qg6 19.Re1 b5 20.h4 Nf6 21.Re5 Qc2 22.Bg5 Qxe2 23.R1xe2 Nd5 24.Bd2 a5 25.Kf1 a4 26.Ke1 Rfc8 27.Kd1 Kf8 28.Kc2 Re8 29.Bc1 f6 30.Ba3+ Kf7 31.Rxe8 Rxe8 32.Rxe8 Kxe8 33.Bc5 Kd7 34.Kd3 g6 35.c4 Nc7 36.Bb6 Ne8 37.cxb5 cxb5 38.d5 b4 39.Kc4 b3 40.axb3 Nd6+ 41.Kb4 axb3 42.Kxb3 Ne4 43.Kc4 Kd6 44.Be3 f5 45.f3 Nf6 46.Bf4+ Kd7 47.Kd4 Ng8 48.Ke5 Ne7 49.h5 Ng8 50.hxg6 hxg6 51.Bg5 1-0

[Event "Nagoya open"]
[Date "2006.6.25"]
[Round "5"]	
[White "Lacang.P"]
[Black "Takahashi.R"]
[Result "0-1"]
[WhiteElo "1703"]
[BlackElo "1932"]
1.c4 Nf6 2.d3 g6 3.e4 d6 4.g3 Bg7 5.Bg2 0-0 6.Ne2 c5 7.0-0 Nc6 8.Nbc3 Nd7 9.f4 Nd4 10.Nxd4 Bxd4+ 11.Kh1 Nb8 12.g4 e5 13.f5 Qh4 14.Nb5 Qe7 15.Qf3 f6 16.Bh3 g5 17.Nxd4 cxd4 18.Rf2 h6 19.Bf1 Kg7 20.Be2 Bd7 21.Bd2 Bc6 22.b4 b6 23.Bd1 Be8 24.b5 Nd7 25.Bb4 a5 26.bxa6 Rxa6 27.a3 Bf7 28.h4 Rfa8 29.Rh2 Rh8 30.Raa2 Raa8 31.Rh3 b5 32.Rah2 bxc4 33.hxg5 hxg5 34.Rxh8 Rxh8 35.Rxh8 Kxh8 36.Qh3+ Kg7 37.dxc4 Bxc4 38.Bb3 Qf7 39.Ba4 d5 40.Bc6 dxe4 41.Bxe4 Nb6 42.Qf3 Qd7 43.Kg2 Nd5 44.Bd2 Qb5 45.a4 Qc5 46.a5 Nc3 47.Ba8 e4 48.Qg3 e3 49.Bxc3 dxc3 50.Qb8 c2 51.Qb7+ Bf7 0-1

[Event "Nagoya open"]
[Date "2006.6.25"]
[Round "5"]	
[White "Ohtake.S"]
[Black "Yoshii.M"]
[Result "0-1"]
[WhiteElo "1670"]
[BlackElo "1891"]
1.d4 Nf6 2.Nc3 c5 3.Nf3 cxd4 4.Nxd4 Nc6 5.e4 e6 6.Ndb5 d6 7.Bf4 e5 8.Bg5 a6 9.Na3 b5 10.Nd5 Be7 11.Bxf6 Bxf6 12.c3 0-0 13.Nc2 Bg5 14.a4 bxa4 15.Rxa4 a5 16.Bc4 Rb8 17.Ra2 Kh8 18.h4 Bh6 19.g4 Bf4 20.Qf3 Ne7 21.Nxf4 exf4 22.Qxf4 Ng6 23.Qg3 Ne5 24.Bd5 Ba6 25.b4 Qc7 26.Rxa5 Bd3 27.Kd2 Bxc2 28.Kxc2 Rxb4 29.Rha1 Rfb8 30.Ra7 Rb2+ 31.Kc1 Qb6 32.Rb7 Rxb7 33.Bxb7 Qxb7 34.Ra8+ Qxa8 35.Kxb2 Qxe4 36.g5 Qf3 37.Qg1 Qxf2+ 38.Qxf2 Nd3+ 39.Kb3 Nxf2 40.Kc4 Ne4 41.Kd4 Nxc3 42.Kxc3 Kg8 43.Kd4 Kf8 44.Ke4 Ke7 45.Kf5 g6+ 46.Ke4 Ke6 0-1

[Event "Nagoya open"]
[Date "2006.6.25"]
[Round "5"]	
[White "Irie.Y"]
[Black "Hoshino.E"]
[Result "0-1"]
[WhiteElo "1558"]
[BlackElo "1834"]
1.d4 e6 2.c4 d5 3.Nf3 Nf6 4.Nc3 Nc6 5.Bg5 Be7 6.e3 h6 7.Bh4 Na5 8.Ne5 c6 9.a3 0-0 10.c5 Nd7 11.Bxe7 Qxe7 12.Nxd7 Bxd7 13.b4 Nc4 14.Bxc4 dxc4 15.Qe2 e5 16.Qxc4 Qh4 17.Ne2 Be6 18.Qd3 Bd5 19.0-0 Rad8 20.f3 Rfe8 21.e4 Be6 22.Qc3 exd4 23.Nxd4 Bc8 24.Rad1 Qf6 25.Ne2 Qg5 26.f4 Qg4 27.Qe3 Be6 28.h3 Qh4 29.Rd4 Rxd4 30.Nxd4 Qf6 31.e5 Qh4 32.Nxe6 fxe6 33.Rd1 Rf8 34.Rd4 Qe7 35.Kh2 Qf7 36.g4 Kh8 37.Kg3 b6 38.Rd6 bxc5 39.bxc5 Rb8 40.Qd3 Qc7 41.Rd7 Qa5 42.Kh4 Qe1+ 43.Kh5 Rg8 44.Kg6 Qh4 45.Qd6 h5 46.Qxe6 hxg4 47.Qxg4 Qh7+ 48.Kf7 g5+ 49.Kf6 Qg6+ 0-1

[Event "Nagoya open"]
[Date "2006.6.25"]
[Round "5"]	
[White "Kurihara.T"]
[Black "Robertson.P"]
[Result "1-0"]
[WhiteElo "1717"]
[BlackElo "1592"]
1.e4 c5 2.Nf3 d6 3.d4 cxd4 4.Nxd4 Nf6 5.Nc3 a6 6.Bg5 e6 7.f4 b5 8.e5 dxe5 9.fxe5 Qc7 10.Bxf6 gxf6 11.exf6 Qe5+ 12.Be2 Bb7 13.Nf3 Qxf6 14.a3 Nd7 15.Bd3 Rd8 16.Qe2 Bg7 17.0-0-0 0-0 18.Be4 Bxe4 19.Qxe4 Nc5 20.Qg4 Na4 21.Nxa4 bxa4 22.c3 Rxd1+ 23.Rxd1 Rd8 24.Rxd8+ Qxd8 25.Qxa4 Qd6 26.Qe4 f5 27.Qc4 Bh6+ 28.Kc2 Kg7 29.Qd4+ Qxd4 30.cxd4 Bf4 31.b4 Kf6 32.Kd3 h6 33.Kc4 Ke7 34.Kc5 Bc7 35.Kc6 Kd8 36.a4 Kc8 37.b5 axb5 38.Kxb5 Kb7 39.a5 Ka7 40.a6 Bb6 41.Ne5 Bc7 42.Kc6 Bb6 43.Kd7 Kxa6 44.Nf3 f4 45.Kxe6 Kb5 46.d5 Bd8 47.d6 Kc5 48.d7 Kc6 49.Ne5+ Kc7 50.Nf7 Bh4 51.Nxh6 Bg5 52.Nf7 Bh4 53.d8=Q+ 1-0

[Event "Nagoya open"]
[Date "2006.6.25"]
[Round "5"]	
[White "Morimoto.D"]
[Black "Kida.A"]
[Result "1-0"]
[WhiteElo "1665"]
[BlackElo "1391"]
1.e4 c5 2.Nf3 d6 3.d4 cxd4 4.Nxd4 Nc6 5.c4 Nf6 6.Nc3 g6 7.Be3 Bg7 8.Be2 0-0 9.0-0 Bd7 10.Qd2 Re8 11.Kh1 Ne5 12.f4 Neg4 13.Bg1 e5 14.Bxg4 Nxg4 15.Ndb5 exf4 16.Qxf4 Be6 17.Rad1 Be5 18.Qf3 Qh4 19.g3 Qe7 20.Nd5 Bxd5 21.exd5 h5 22.c5 dxc5 23.d6 Qd7 24.Nc7 b6 25.Nxa8 Rc8 26.Nc7 Rxc7 27.dxc7 Qxc7 28.b3 f5 29.Qd5+ 1-0

[Event "Nagoya open"]
[Date "2006.6.25"]
[Round "5"]	
[White "Morimoto.K"]
[Black "Yokomizo.Y"]
[Result "1-0"]
[WhiteElo "1335"]
[BlackElo "1635"]
1.e4 d6 2.d4 c6 3.c4 Qc7 4.Nc3 g6 5.Nf3 Bg7 6.Be3 Nf6 7.Qc2 Bg4 8.Be2 e5 9.Rd1 Nbd7 10.dxe5 dxe5 11.h3 Bxf3 12.Bxf3 0-0 13.0-0 b6 14.Rd2 Rfd8 15.Rfd1 h6 16.b4 a6 17.a4 Bf8 18.Na2 Kh7 19.Qb3 Kg7 20.c5 bxc5 21.Bxc5 Bxc5 22.bxc5 Nxc5 23.Qc4 Rxd2 24.Rxd2 Qa5 25.Rc2 Qe1+ 26.Kh2 Ne6 27.Qxc6 Nd4 28.Qxa8 Nxc2 29.Qxa6 Nd4 30.Qd3 Qxf2 31.Nc3 h5 32.Nd5 Nh7 33.a5 Ng5 34.Bd1 h4 35.a6 Qe1 36.Nc3 Qf2 37.a7 Nde6 38.a8=Q Nf4 39.Qc2 Qg3+ 40.Kh1 Nd3 41.Qa7 Ne1 42.Qcf2 Qxc3 43.Qe7 Nd3 44.Qff6+ Kh7 45.Qxg5 Nf2+ 46.Kh2 Ng4+ 47.Qxg4 1-0

[Event "Nagoya open"]
[Date "2006.6.25"]
[Round "5"]	
[White "Ozaki.Y"]
[Black "Looijmans.K"]
[Result "0-1"]
[WhiteElo "1785"]
[BlackElo "2083"]
1.e4 c5 2.Nf3 e6 3.d4 cxd4 4.Nxd4 Nc6 5.Nc3 Qc7 6.Be3 a6 7.Be2 Nf6 8.0-0 Bb4 9.Bf3 0-0 10.Nce2 Ne5 11.Ng3 Nxf3+ 12.Qxf3 b5 13.c3 Bd6 14.Nxb5 axb5 15.e5 Bxe5 16.Qxa8 Bb7 17.Qa3 Bd6 18.Qb3 h5 19.Qxb5 h4 20.Nh5 Bxh2+ 21.Kh1 h3 22.f3 Nd5 23.Qc5 hxg2+ 24.Kxg2 Qe5 25.Bf2 Qxh5 26.Rh1 Nf4+ 27.Kf1 Qxf3 28.Rxh2 Qd3+ 29.Kg1 Ne2+ 30.Kf1 Ng3+ 31.Kg1 Qf1+ 0-1